Lesiones mínimas tuberculosas de pulmón (Record no. 19650)

MARC details
000 -LEADER
campo de control de longitud fija 00592nam a2200169 i 4500
001 - NÚMERO DE CONTROL
campo de control 19650
003 - IDENTIFICADOR DE NÚMERO DE CONTROL
campo de control ES-MaACL
007 - CAMPO FIJO DE DESCRIPCIÓN FÍSICA--INFORMACIÓN GENERAL
campo de control de longitud fija t|
008 - DATOS DE LONGITUD FIJA--INFORMACIÓN GENERAL
campo de control de longitud fija 021007s1951 sp ||||1| spa d
100 0# - ENTRADA PRINCIPAL--NOMBRE DE PERSONA
Nombre de persona Abelló, José
9 (RLIN) 18076
245 10 - MENCIÓN DEL TÍTULO
Título Lesiones mínimas tuberculosas de pulmón
Resto del título : diagnóstico radiológico precoz... /
Mención de responsabilidad, etc. por el Dr. José Abello ; comentarios hechos por el Dr. Wilhelm Kremer.
260 ## - PUBLICACIÓN, DISTRIBUCIÓN, ETC.
Lugar de publicación, distribución, etc. Madrid :
Nombre del editor, distribuidor, etc. [s.n.],
Fecha de publicación, distribución, etc. 1951 (
Fabricante Estades)
300 ## - DESCRIPCIÓN FÍSICA
Extensión 112 p., 15 lám. :
Otras características físicas il. ;
Dimensiones 22 cm.
700 1# - ENTRADA AGREGADA--NOMBRE PERSONAL
Nombre de persona Kremer, Wilhelm.
9 (RLIN) 68807
852 ## - LOCALIZACIÓN
Ubicación ES-MaACL
Número de control de estantería C-5851
Sublocalización o colección R.34684
Holdings
Estatus retirado Estado de pérdida Estado de daño No para préstamo Biblioteca de origen Biblioteca actual Ubicación en estantería Fecha de adquisición Fuente de adquisición Total de préstamos Signatura topográfica completa Código de barras Visto por última vez Precio de reemplazo Tipo de ítem Koha
        Biblioteca del Ateneo de Madrid Biblioteca del Ateneo de Madrid Sala Palomar 17/01/2008     C-5851 1020113 23/02/2023 23/02/2023 Libro impreso